[Event "Online Olym Div3 A 2020"]
[Site "chess.com INT"]
[Date "2020.07.08"]
[Round "5.5"]
[Board "3"]
[White "Gan, Emily"]
[Black "Seo, Jiwon"]
[Result "1/2-1/2"]
[WhiteElo "1160"]
[BlackElo "1407"]
[WhiteTeam "New Zealand"]
[BlackTeam "South Korea"]
[WhiteFideId "4310608"]
[BlackFideId "13208969"]
[EventDate "2020.07.07"]
[EventType "team"]

1. c4 e5 2. Nc3 Nf6 3. g3 d5 4. cxd5 Nxd5 5. Bg2 Nxc3 6. bxc3 Nc6 7. Nf3 Bd6 8.
O-O Bg4 9. h3 Bf5 10. d3 h5 11. e4 Be6 12. d4 exd4 13. cxd4 Bd7 14. Rb1 b6 15.
Re1 Bb4 16. d5 Bxe1 17. dxc6 Bxf2+ 18. Kxf2 Bxc6 19. Qc2 Qd6 20. Be3 O-O-O 21.
Rc1 Bb5 22. Ng5 h4 23. Bf4 Qd4+ 24. Be3 hxg3+ 25. Kf3 Qf6+ 26. Bf4 Rd3+ 27. Qxd3
Bxd3 28. Rxc7+ Kd8 29. Nxf7+ Ke8 30. Nxh8 Ba6 31. e5 Qe6 32. Kxg3 Kf8 33. Rc6
Qxa2 34. Bf3 Qb3 35. Ng6+ Kf7 36. Kg4 Bb7 37. Rc7+ Kxg6 38. Bxb7 Qe6+ 39. Kg3
Qb3+ 40. Bf3 Qb4 41. Rc6+ Kh7 42. e6 Qe1+ 43. Kg4 Qg1+ 44. Kf5 Qg6+ 45. Ke5 Qf6+
46. Ke4 Qg6+ 47. Ke3 Qg1+ 48. Ke4 Qg6+ 49. Kd5 Qf5+ 50. Be5 Qxf3+ 51. Kd6 Qd3+
52. Ke7 Qxh3 53. Rc3 Qh4+ 54. Kd6 Qb4+ 55. Kd7 Qb5+ 56. Kd6 Qb4+ 57. Kd5 Qb5+
58. Ke4 Qe2+ 59. Re3 Qg4+ 60. Kd5 Qd1+ 61. Bd4 Qh5+ 62. Kd6 Qe8 63. e7 Kg8 64.
Rg3 Qb8+ 65. Kd7 Qb7+ 66. Ke6 Qc8+ 67. Kd6 Qb8+ 68. Kc6 Qc8+ 69. Kd6 Qb8+ 1/2-1/2

[Event "Online Olym Div3 A 2020"]
[Site "chess.com INT"]
[Date "2020.07.08"]
[Round "5.5"]
[Board "4"]
[White "Kim, Taegyeong"]
[Black "Chang, Yolanda"]
[Result "1-0"]
[WhiteTitle "WCM"]
[WhiteElo "1523"]
[BlackElo "1305"]
[WhiteTeam "South Korea"]
[BlackTeam "New Zealand"]
[WhiteFideId "13200976"]
[BlackFideId "4309332"]
[EventDate "2020.07.07"]
[EventType "team"]

1. d4 d5 2. c4 c6 3. Nf3 Nf6 4. Bg5 Nbd7 5. Nc3 e6 6. e3 Qa5 7. a3 Ne4 8. Qc1
Nxg5 9. Nxg5 dxc4 10. Nf3 Be7 11. Bxc4 Nb6 12. Bd3 Nd5 13. O-O O-O 14. b4 Qc7
15. Nxd5 exd5 16. Qc2 h6 17. Rfc1 Qd6 18. b5 cxb5 19. Bxb5 Be6 20. Ne5 Rac8 21.
Qa4 a6 22. Rxc8 Rxc8 23. Be2 Bf6 24. Nd3 Rc4 25. Qb3 Rc7 26. Nc5 Bc8 27. Rb1 Qc6
28. Bf3 b5 29. Qxd5 Qxd5 30. Bxd5 Be7 31. Rc1 Bd6 32. g3 a5 33. Kf1 Bh3+ 34. Ke1
Ra7 35. Rb1 b4 36. axb4 axb4 37. Rxb4 Bc7 38. Rb7 Ra1+ 39. Ke2 Bf1+ 40. Kf3 Bd6
41. Rxf7 Kh7 42. Rd7 Bb8 43. Be4+ Kg8 44. Rd8+ Kf7 45. Rxb8 Re1 46. Rb7+ Kg8 47.
Ne6 Be2+ 48. Kf4 g5+ 49. Ke5 Ra1 50. Rg7+ Kh8 51. Rh7+ Kg8 52. Rxh6 Ra5+ 53. Kf6
Ra6 54. Bh7+ Kh8 55. Bd3+ Kg8 56. Bxa6 Bxa6 57. d5 Bd3 58. d6 Bb5 59. Nc5 g4 60.
Ke6 Bc4+ 61. Ke7 Bb5 62. d7 Bxd7 63. Kxd7 Kf8 64. Rh7 Kg8 65. Re7 Kh8 66. Ke6
Kg8 67. Kf6 Kh8 68. Kg6 Kg8 69. Re8# 1-0

[Event "Online Olym Div3 A 2020"]
[Site "chess.com INT"]
[Date "2020.07.08"]
[Round "5.5"]
[Board "5"]
[White "Fan, Allen Chi Zhou"]
[Black "Cheon, Sehyuk"]
[Result "1/2-1/2"]
[WhiteTitle "FM"]
[BlackTitle "CM"]
[WhiteElo "2134"]
[BlackElo "1742"]
[WhiteTeam "New Zealand"]
[BlackTeam "South Korea"]
[WhiteFideId "4304128"]
[BlackFideId "13205480"]
[EventDate "2020.07.07"]
[EventType "team"]

1. Nf3 g6 2. c4 Bg7 3. g3 e5 4. Nc3 f5 5. d3 d6 6. Bg2 Nf6 7. O-O O-O 8. b4 c6
9. Qb3 Kh8 10. a4 Be6 11. b5 Nbd7 12. Ba3 Qc7 13. a5 c5 14. a6 bxa6 15. Ng5 Rae8
16. Nxe6 Rxe6 17. bxa6 Nb6 18. Nb5 Qb8 19. Bb7 e4 20. Rab1 Nfd7 21. Bb2 Bxb2 22.
Rxb2 exd3 23. exd3 f4 24. Kg2 f3+ 25. Kg1 Kg8 26. Qd1 Ne5 27. Re1 Nxd3 28. Rxe6
Nxb2 29. Qc2 Re8 30. Rxe8+ Qxe8 31. Bxf3 N2xc4 32. Nxa7 Qe1+ 33. Kg2 Nd2 34. Qd1
Qxd1 35. Bxd1 d5 36. Nb5 d4 37. f4 Ndc4 38. a7 Nb2 39. Bf3 d3 40. Kf2 d2 41. Nc3
c4 42. Ke2 d1=Q+ 43. Nxd1 Nxd1 44. Kxd1 Kg7 45. Be2 Kf6 46. Bxc4 Kf5 47. Bg8 h6
48. Bh7 Kf6 49. Bxg6 Kxg6 50. Kc2 Kf5 51. Kb3 Ke6 52. Kb4 Kd7 53. Kb5 Kc7 54.
Ka6 Na8 55. f5 Kc6 56. g4 Nc7+ 57. Ka5 Kb7 58. Kb4 Kxa7 59. Kc5 Ne8 60. Kc6 Kb8
61. h4 Kc8 62. g5 hxg5 63. hxg5 Kd8 64. f6 Nxf6 65. gxf6 Ke8 66. Kd6 Kf7 67. Ke5
Kf8 68. Ke6 Ke8 69. f7+ Kf8 70. Kf6 1/2-1/2

[Event "Online Olym Div3 A 2020"]
[Site "chess.com INT"]
[Date "2020.07.08"]
[Round "6.1"]
[Board "1"]
[White "Villegas, Pierre"]
[Black "Kwon, Sehyun"]
[Result "1-0"]
[WhiteTitle "IM"]
[BlackTitle "CM"]
[WhiteElo "2364"]
[BlackElo "2194"]
[WhiteTeam "Monaco"]
[BlackTeam "South Korea"]
[WhiteFideId "654183"]
[BlackFideId "13203088"]
[EventDate "2020.07.07"]
[EventType "team"]

1. d4 d5 2. c4 c6 3. Nf3 Nf6 4. e3 Bg4 5. h3 Bh5 6. g4 Bg6 7. Ne5 e6 8. Nd2 Nbd7
9. Nxg6 hxg6 10. Bg2 g5 11. O-O Bd6 12. Re1 O-O 13. e4 dxe4 14. Nxe4 Nxe4 15.
Rxe4 Re8 16. Qb3 Rb8 17. Be3 b5 18. c5 Be7 19. Re1 Nf8 20. f4 Ng6 21. f5 exf5
22. gxf5 Nh4 23. Bxg5 Nxf5 24. Bf4 Rc8 25. Qd3 Qd7 26. Re5 Nxd4 27. Rxe7 Rxe7
28. Rxe7 Qxe7 29. Qxd4 Rd8 30. Bd6 Qd7 31. Qe4 Rc8 32. Kh2 a5 33. Bf3 f5 34. Qe1
a4 35. Bh5 Rf8 36. Bg6 Rf6 37. Be8 Qd8 38. Qe5 Rh6 39. Bxc6 Qh4 40. Bd5+ Kh8 41.
Qe8+ Kh7 42. Bg8+ Kh8 43. Bf7+ 1-0

[Event "Online Olym Div3 A 2020"]
[Site "chess.com INT"]
[Date "2020.07.08"]
[Round "6.1"]
[Board "2"]
[White "Kim, Inguh"]
[Black "Efimov, Igor"]
[Result "1/2-1/2"]
[WhiteTitle "CM"]
[BlackTitle "GM"]
[WhiteElo "1900"]
[BlackElo "2409"]
[WhiteTeam "South Korea"]
[BlackTeam "Monaco"]
[WhiteFideId "13201204"]
[BlackFideId "806404"]
[EventDate "2020.07.07"]
[EventType "team"]

1. e4 c5 2. Nf3 Nc6 3. Bb5 Nf6 4. e5 Nd5 5. O-O g6 6. Re1 Bg7 7. Nc3 Nc7 8. Bxc6
dxc6 9. d3 O-O 10. a4 h6 11. a5 Rb8 12. Be3 b6 13. axb6 axb6 14. Qd2 Kh7 15. h3
Nd5 16. Nxd5 cxd5 17. d4 c4 18. Ra7 Rb7 19. Rxb7 Bxb7 20. Ra1 Qc7 21. Bf4 e6 22.
Qb4 Rd8 23. Nh2 c3 24. Qxc3 Qxc3 25. bxc3 g5 26. Bd2 Ra8 27. Rxa8 Bxa8 28. Ng4
Bc6 29. Kf1 Ba4 30. Ne3 Kg6 31. Ke2 Bb5+ 32. Kf3 Bf8 33. g4 f6 34. exf6 Kxf6 35.
Kg3 Bd6+ 36. Kg2 Bf4 37. h4 Kg6 38. h5+ Kf7 39. Bc1 Bd6 40. f3 Ke7 41. Kf2 Kd7
42. Ng2 Ba4 43. f4 gxf4 44. Nxf4 Bxc2 45. Ng6 Bxg6 46. hxg6 Ke7 47. Bxh6 Kf6 48.
g7 Kf7 49. Ke3 b5 50. Bf4 Be7 51. Be5 Bg5+ 52. Bf4 Bf6 53. Bh6 e5 54. dxe5 Bxe5
55. Kd3 Kg8 56. Kd2 Kh7 57. Kd3 Bf6 58. g5 Be5 59. g6+ Kg8 60. Kd2 Bd6 61. Kd3
Be5 62. Kd2 d4 63. cxd4 Bxd4 64. Kc2 Bxg7 65. Bxg7 Kxg7 66. Kb3 Kxg6 67. Kb4 Kf6
68. Kxb5 1/2-1/2

[Event "Online Olym Div3 A 2020"]
[Site "chess.com INT"]
[Date "2020.07.08"]
[Round "6.1"]
[Board "3"]
[White "Dornbusch, Tatiana"]
[Black "Seo, Jiwon"]
[Result "1-0"]
[WhiteTitle "WGM"]
[WhiteElo "2268"]
[BlackElo "1407"]
[WhiteTeam "Monaco"]
[BlackTeam "South Korea"]
[WhiteFideId "14107449"]
[BlackFideId "13208969"]
[EventDate "2020.07.07"]
[EventType "team"]

1. d4 d5 2. c4 e6 3. Nc3 Nf6 4. Bf4 c6 5. e3 Nbd7 6. Qc2 Bb4 7. Bd3 dxc4 8. Bxc4
Nb6 9. Bd3 Nbd5 10. Bg3 h6 11. Ne2 Bd6 12. a3 Bxg3 13. hxg3 Qd6 14. e4 Nxc3 15.
Qxc3 Nd7 16. e5 Qe7 17. Rc1 Nb6 18. Be4 Bd7 19. Qf3 Nd5 20. Qg4 g5 21. Qf3 f5
22. exf6 Nxf6 23. Bg6+ Kd8 24. O-O h5 25. Qe3 h4 26. Qxg5 hxg3 27. fxg3 Nd5 28.
Qe5 Rg8 29. Rf7 Qe8 30. Bh5 Rf8 31. Rcf1 Rxf7 32. Rxf7 Qg8 33. Qd6 Qe8 34. Rf8
Qxf8 35. Qxf8+ Kc7 36. Qxa8 a6 37. Qf8 b5 38. Nf4 Nxf4 39. gxf4 a5 40. Qe7 Kc8
41. g4 a4 42. g5 Kc7 43. Be8 Kb6 44. Qxd7 b4 45. Qxc6+ Ka7 46. Bd7 Kb8 47. Bc8
Ka7 48. Qb7# 1-0

[Event "Online Olym Div3 A 2020"]
[Site "chess.com INT"]
[Date "2020.07.08"]
[Round "6.1"]
[Board "4"]
[White "Kim, Taegyeong"]
[Black "Dubois, Martine"]
[Result "1-0"]
[WhiteTitle "WCM"]
[BlackTitle "WIM"]
[WhiteElo "1523"]
[BlackElo "1802"]
[WhiteTeam "South Korea"]
[BlackTeam "Monaco"]
[WhiteFideId "13200976"]
[BlackFideId "601926"]
[EventDate "2020.07.07"]
[EventType "team"]

1. d4 d5 2. c4 Bf5 3. Nc3 e6 4. cxd5 exd5 5. Nf3 Nc6 6. a3 Nf6 7. Bg5 Be7 8. e3
O-O 9. Bd3 Ne4 10. Bxe7 Nxe7 11. O-O c6 12. Qc2 Nxc3 13. Qxc3 Bxd3 14. Qxd3 f5
15. Ne5 f4 16. b4 a6 17. a4 Qd6 18. b5 axb5 19. axb5 Rxa1 20. Rxa1 fxe3 21. fxe3
Qh6 22. bxc6 bxc6 23. h3 Nf5 24. Ng4 Qg5 25. e4 dxe4 26. Qxe4 h5 27. Ne5 Ng3 28.
Qd3 Qf4 29. Qc4+ Kh7 30. Qd3+ Ne4 31. Nf3 Qf5 32. Re1 h4 33. Rxe4 g6 34. Rxh4+
Kg7 35. Qxf5 Rxf5 36. Ne5 c5 37. Nf3 c4 38. d5 Rxd5 39. Rxc4 Kf6 40. Kf2 g5 41.
Kg3 Kf5 42. Rg4 Kf6 43. Rxg5 Rxg5+ 44. Nxg5 Kxg5 45. Kf3 Kh5 46. g4+ Kg5 47. Kg3
Kg6 48. Kf4 Kh6 49. Kf5 Kh7 50. Kf6 Kh6 51. g5+ Kh7 52. g6+ Kh8 53. g7+ Kg8 54.
h4 Kh7 55. Kf7 Kh6 56. g8=Q Kh5 57. Kf6 Kxh4 58. Kf5 Kh3 59. Kf4 Kh2 60. Kf3 Kh1
61. Qg2# 1-0

[Event "Online Olym Div3 A 2020"]
[Site "chess.com INT"]
[Date "2020.07.08"]
[Round "6.1"]
[Board "5"]
[White "Cuttoli, Alexandre"]
[Black "Cheon, Sehyuk"]
[Result "0-1"]
[BlackTitle "CM"]
[WhiteElo "2044"]
[BlackElo "1742"]
[WhiteTeam "Monaco"]
[BlackTeam "South Korea"]
[WhiteFideId "36007293"]
[BlackFideId "13205480"]
[EventDate "2020.07.07"]
[EventType "team"]

1. d4 Nf6 2. Bf4 d5 3. e3 c5 4. c3 Nc6 5. Nd2 Qb6 6. Qb3 c4 7. Qc2 e6 8. Ngf3
Be7 9. Be2 O-O 10. h3 Bd7 11. O-O Rfc8 12. Rfc1 Qd8 13. b3 b5 14. e4 a5 15. e5
Ne8 16. a4 bxa4 17. bxa4 Rcb8 18. Rcb1 Na7 19. Bh2 Nc8 20. Kh1 Rxb1+ 21. Rxb1
Nb6 22. Ra1 Bc6 23. Ng1 Qd7 24. Bd1 Nc7 25. Qa2 Na6 26. f4 Nb4 27. cxb4 axb4 28.
a5 b3 29. Qb1 Na4 30. Nxb3 cxb3 31. Bxb3 Rxa5 32. Ne2 Qa7 33. Qc2 Qa6 34. Bg3
Bb5 35. Be1 Bd3 36. Qd2 Bd8 37. Nc1 Be4 38. Qf2 Nc3 39. Rxa5 Bxa5 40. Bxc3 Bxc3
41. Ne2 Qa1+ 42. Kh2 Bb2 43. Qh4 h6 44. Qd8+ Kh7 45. Qc7 Qf1 0-1

[Event "Online Olym Div3 A 2020"]
[Site "chess.com INT"]
[Date "2020.07.08"]
[Round "6.1"]
[Board "6"]
[White "Khanyl, Chuluuntuya"]
[Black "Lomandong, Noela-Joyce"]
[Result "1-0"]
[BlackTitle "WFM"]
[WhiteElo "1428"]
[BlackElo "1946"]
[WhiteTeam "South Korea"]
[BlackTeam "Monaco"]
[WhiteFideId "4907485"]
[BlackFideId "5400384"]
[EventDate "2020.07.07"]
[EventType "team"]

1. d4 b6 2. e4 Bb7 3. Bd3 e6 4. Nf3 d5 5. exd5 Qxd5 6. c4 Qd8 7. Be3 Nf6 8. Nc3
Be7 9. O-O O-O 10. Re1 Nbd7 11. a3 Rc8 12. d5 exd5 13. cxd5 Nc5 14. Bf5 Ra8 15.
b4 Na6 16. Qc2 g6 17. Bh6 Re8 18. Bd3 Bf8 19. Bxf8 Rxe1+ 20. Rxe1 Qxf8 21. Ne5
Re8 22. Bb5 Re7 23. Bc6 Bxc6 24. dxc6 Ng4 25. Nf3 Rxe1+ 26. Nxe1 Qd6 27. Nf3 Nb8
28. h3 Nf6 29. b5 Qxa3 30. Qd2 Qe7 31. Qa2 h6 32. Qxa7 Qd8 33. Qa2 Kg7 34. Ne5
Qe7 35. Nd3 Qd6 36. Qc2 Nxc6 37. bxc6 Qxc6 38. Qb2 Qd6 39. Ne4 Qe6 40. Nxf6 Qxf6
41. Qc2 c5 42. Qc4 Qa1+ 43. Kh2 Qf6 44. Kg1 Qa1+ 45. Nc1 b5 46. Qxc5 b4 47. Kh2
Qb2 48. Nd3 Qc3 49. Qxc3+ bxc3 50. Kg1 Kf6 51. Kf1 Kf5 52. Ke2 Ke4 53. Nc5+ Kd4
54. Nb3+ Kc4 55. Nc1 Kd4 56. Kd1 f5 57. Kc2 g5 58. Ne2+ Kc4 59. Nxc3 g4 60. hxg4
fxg4 61. Ne2 h5 62. g3 Kd5 63. Nf4+ Ke4 64. Nxh5 Kf3 65. Kd3 Kxf2 66. Ke4 Kg2
67. Kf4 Kh3 68. Nf6 Kg2 69. Nxg4 Kh3 70. Ne3 Kh2 71. g4 Kh3 72. g5 Kh2 73. g6 1-0

[Event "Online Olym Div3 A 2020"]
[Site "chess.com INT"]
[Date "2020.07.08"]
[Round "6.2"]
[Board "1"]
[White "Tran, Thanh Tu"]
[Black "Wastney, Scott"]
[Result "1-0"]
[WhiteTitle "CM"]
[BlackTitle "FM"]
[WhiteElo "2346"]
[BlackElo "2306"]
[WhiteTeam "Japan"]
[BlackTeam "New Zealand"]
[WhiteFideId "12401404"]
[BlackFideId "4300513"]
[EventDate "2020.07.07"]
[EventType "team"]

1. Nf3 d5 2. d4 Nf6 3. e3 c5 4. b3 cxd4 5. exd4 Nc6 6. Bb2 Bg4 7. Nbd2 e6 8. Bd3
Bd6 9. O-O Qc7 10. h3 Bh5 11. c4 O-O 12. a3 Bf4 13. Qc2 Bg6 14. Rfe1 Rfd8 15. c5
a5 16. Bc3 b6 17. Bxg6 hxg6 18. b4 axb4 19. axb4 Rxa1 20. Rxa1 bxc5 21. bxc5 e5
22. dxe5 Nxe5 23. Nxe5 Bxe5 24. Bxe5 Qxe5 25. Rc1 Ne4 26. Nf3 Qf4 27. c6 Rc8 28.
Rd1 Nf6 29. Nd4 Qd6 30. Qa4 Qc7 31. Qa6 Rb8 32. g3 Qb6 33. Qxb6 Rxb6 34. c7 1-0

[Event "Online Olym Div3 A 2020"]
[Site "chess.com INT"]
[Date "2020.07.08"]
[Round "6.2"]
[Board "2"]
[White "Ker, Anthony F"]
[Black "Watanabe, Akira"]
[Result "1/2-1/2"]
[WhiteTitle "IM"]
[BlackTitle "FM"]
[WhiteElo "2298"]
[BlackElo "2284"]
[WhiteTeam "New Zealand"]
[BlackTeam "Japan"]
[WhiteFideId "4300084"]
[BlackFideId "7000227"]
[EventDate "2020.07.07"]
[EventType "team"]

1. e4 c5 2. Nc3 e6 3. f4 d5 4. Nf3 dxe4 5. Nxe4 Nd7 6. d3 Ngf6 7. g3 Be7 8. Bg2
O-O 9. O-O Rb8 10. b3 b5 11. Bb2 Bb7 12. Qe2 Qb6 13. Kh1 Rbc8 14. Nxf6+ Bxf6 15.
Bxf6 Nxf6 16. c4 a6 17. Rad1 Rfd8 18. Rd2 Rd6 19. Rfd1 Rcd8 20. Ne5 Bxg2+ 21.
Qxg2 Nd7 22. Nf3 Nf6 23. Ne5 Nd7 24. Ng4 Nb8 25. Nf2 Nc6 26. Ne4 R6d7 27. Rc1
Nb4 28. Qe2 Nxd3 29. Rcd1 bxc4 30. bxc4 Qc6 31. Rxd3 Rxd3 32. Rxd3 Rxd3 33. Qxd3
f5 34. Kg1 fxe4 35. Qd8+ Kf7 36. Kf2 h6 37. Ke3 Kg6 38. Qd2 Qa4 39. Qe2 Qc6 40.
Qg2 Kf6 41. Qxe4 Qb6 42. Qc2 Qd6 43. Qb2+ Kf7 44. Qb7+ Kf6 45. Qb2+ Kf7 46. Qe5
Qxe5+ 47. fxe5 Ke7 48. h4 g6 49. g4 g5 50. hxg5 hxg5 1/2-1/2

[Event "Online Olym Div3 A 2020"]
[Site "chess.com INT"]
[Date "2020.07.08"]
[Round "6.2"]
[Board "3"]
[White "Sakai, Azumi"]
[Black "Qin, Nicole Shu Yu"]
[Result "0-1"]
[WhiteTitle "WCM"]
[BlackTitle "WCM"]
[WhiteElo "1731"]
[BlackElo "1629"]
[WhiteTeam "Japan"]
[BlackTeam "New Zealand"]
[WhiteFideId "7001800"]
[BlackFideId "4304306"]
[EventDate "2020.07.07"]
[EventType "team"]

1. d4 e6 2. c4 d5 3. Nc3 Nf6 4. cxd5 exd5 5. Bg5 Be7 6. e3 c6 7. Qc2 h6 8. Bh4
O-O 9. Bd3 Re8 10. Nf3 Nbd7 11. O-O Ne4 12. Bxe7 Qxe7 13. b4 a6 14. a4 Ndf6 15.
b5 axb5 16. axb5 Rxa1 17. Rxa1 c5 18. dxc5 Nxc5 19. Be2 b6 20. Nd4 Nce4 21. Bf3
Bd7 22. Nce2 Rc8 23. Qb2 Nc5 24. Nf4 Nce4 25. h3 Qe8 26. Ra6 Rb8 27. Ra1 Rc8 28.
Rd1 Nc3 29. Rc1 Nce4 30. Rb1 Nc3 31. Rc1 Nce4 32. Bxe4 dxe4 33. Rxc8 Qxc8 34.
Nfe2 Qc5 35. Qc3 Qd6 36. Nf4 Kh7 37. Qc2 Qe5 38. Qb2 Qc5 39. Nfe2 Qg5 40. Qb4
Bxh3 41. Ng3 Bd7 42. Nc6 Nd5 43. Qxe4+ g6 44. Qf3 Nf6 45. Ne4 Nxe4 46. Qxe4 Qxb5
47. Ne7 Qg5 48. Nd5 Bc6 49. Qb4 Qxd5 50. f3 b5 51. Kf2 Qe5 52. e4 Qg5 53. Qb3
Qf6 54. Ke3 Qg5+ 55. Kf2 Qf6 56. Ke3 Kg7 57. Qc2 b4 58. Qb3 Qe7 59. Kd3 Bb5+ 60.
Ke3 Qc5+ 61. Kf4 Qc3 62. Qb1 b3 63. Qd1 b2 64. Qd5 b1=Q 0-1

[Event "Online Olym Div3 A 2020"]
[Site "chess.com INT"]
[Date "2020.07.08"]
[Round "6.2"]
[Board "4"]
[White "Ning, Isabelle Yixuan"]
[Black "Hoshino, Karen"]
[Result "0-1"]
[BlackTitle "WFM"]
[WhiteElo "1758"]
[BlackElo "1836"]
[WhiteTeam "New Zealand"]
[BlackTeam "Japan"]
[WhiteFideId "4307763"]
[BlackFideId "2137984"]
[EventDate "2020.07.07"]
[EventType "team"]

1. d4 Nf6 2. c4 e6 3. Nc3 Bb4 4. f3 d5 5. a3 Bxc3+ 6. bxc3 O-O 7. cxd5 exd5 8.
e3 c5 9. Bd3 Nc6 10. Ne2 Re8 11. O-O c4 12. Bc2 b5 13. Ng3 a5 14. e4 b4 15. axb4
dxe4 16. fxe4 Bg4 17. Qe1 axb4 18. Rxa8 Qxa8 19. Bg5 Nh5 20. Nxh5 Bxh5 21. d5 b3
22. dxc6 bxc2 23. Qd2 Qxc6 24. Qxc2 Rxe4 25. Rb1 Re8 26. Qf2 h6 27. Bh4 Re2 28.
Qg3 Qc5+ 29. Kh1 Qd5 30. Rf1 Rd2 31. h3 Kh7 32. Kh2 g5 33. Bxg5 Qxg5 34. Qxg5
hxg5 35. h4 Kg6 36. hxg5 Kxg5 37. Ra1 Rc2 38. Ra5+ f5 39. Ra3 Bf3 40. Kg3 Bxg2
41. Ra4 f4+ 42. Kh2 Bc6+ 43. Kg1 Bxa4 44. Kf1 Kg4 0-1

[Event "Online Olym Div3 A 2020"]
[Site "chess.com INT"]
[Date "2020.07.08"]
[Round "6.2"]
[Board "5"]
[White "Nakahara, Kan"]
[Black "Gong, Daniel Hanwen"]
[Result "0-1"]
[WhiteTitle "CM"]
[BlackTitle "FM"]
[WhiteElo "2095"]
[BlackElo "2240"]
[WhiteTeam "Japan"]
[BlackTeam "New Zealand"]
[WhiteFideId "7002556"]
[BlackFideId "4303962"]
[EventDate "2020.07.07"]
[EventType "team"]

1. e4 c5 2. Nf3 g6 3. d4 cxd4 4. Nxd4 Bg7 5. c4 Nc6 6. Be3 Nf6 7. Nc3 O-O 8. Be2
d6 9. O-O Bd7 10. Rc1 Nxd4 11. Bxd4 Bc6 12. Qd3 a5 13. f4 Nd7 14. Bxg7 Kxg7 15.
b3 Kg8 16. Kh1 Nc5 17. Qe3 b6 18. Bf3 Ra7 19. Rcd1 Rd7 20. f5 f6 21. Bg4 g5 22.
h4 gxh4 23. Rf4 Rf7 24. Bh3 Rg7 25. Rxh4 Qf8 26. Ne2 Rd8 27. Nd4 Be8 28. Rf1 Rg5
29. Rff4 Bh5 30. Kh2 Kh8 31. Rf2 Qg7 32. a3 Rg8 33. b4 Rg3 34. Qe1 Nd3 35. Qf1
Qg5 36. Rhf4 Nxf4 37. Rxf4 Rd3 38. g4 Rxd4 39. gxh5 Qg3+ 40. Kh1 Rd2 0-1

[Event "Online Olym Div3 A 2020"]
[Site "chess.com INT"]
[Date "2020.07.08"]
[Round "6.2"]
[Board "6"]
[White "Thurner, Anya"]
[Black "Hoshino, Meilin"]
[Result "1-0"]
[BlackTitle "WCM"]
[WhiteElo "1320"]
[BlackElo "1591"]
[WhiteTeam "New Zealand"]
[BlackTeam "Japan"]
[WhiteFideId "4307780"]
[BlackFideId "7001690"]
[EventDate "2020.07.07"]
[EventType "team"]

1. e4 c5 2. b3 g6 3. Bb2 Nf6 4. Nc3 d6 5. Nd5 e5 6. Nxf6+ Qxf6 7. Bb5+ Bd7 8.
Bxd7+ Nxd7 9. Ne2 Bg7 10. O-O O-O 11. f4 Qe7 12. d3 Nb6 13. Qe1 d5 14. fxe5 Bxe5
15. Bxe5 Qxe5 16. Qg3 Qe7 17. Nc3 d4 18. Ne2 Nd7 19. Nf4 b5 20. Nd5 Qe5 21. Nf6+
Kg7 22. Nxd7 Qxg3 23. hxg3 Rfe8 24. Nxc5 a5 25. a3 Rec8 26. b4 a4 27. Rf2 Rc6
28. Raf1 Rc7 29. Rf6 Rac8 30. R1f2 Re7 31. Kf1 Rb8 32. Ke2 h5 33. Kd2 Rc7 34.
Na6 Rcb7 35. Nxb8 Rxb8 36. Rxf7+ Kh6 37. R2f6 Kg5 38. Ke2 Rc8 39. Kd2 Rb8 40.
Rf3 Kh6 41. Rd7 Kg5 42. Rd5+ Kh6 43. Rxd4 Rb7 44. Rd6 Kg5 45. Rff6 Rg7 46. Rb6 1-0

[Event "Online Olym Div3 A 2020"]
[Site "chess.com INT"]
[Date "2020.07.08"]
[Round "6.3"]
[Board "1"]
[White "Goh, Wei Ming Kevin"]
[Black "Ashiku, Franc"]
[Result "1-0"]
[WhiteTitle "GM"]
[BlackTitle "IM"]
[WhiteElo "2501"]
[BlackElo "2419"]
[WhiteTeam "Singapore"]
[BlackTeam "Albania"]
[WhiteFideId "5800706"]
[BlackFideId "4700066"]
[EventDate "2020.07.07"]
[EventType "team"]

1. e4 e5 2. Nf3 Nc6 3. Bc4 Nf6 4. d3 Bc5 5. O-O a6 6. a4 h6 7. Re1 d6 8. c3 Ba7
9. Nbd2 g5 10. Nf1 g4 11. N3d2 h5 12. Ne3 h4 13. Ndf1 Rg8 14. b4 Be6 15. Qb3 Qd7
16. a5 g3 17. hxg3 Nh5 18. gxh4 Nf4 19. g3 Nxd3 20. Rd1 Nf4 21. Bxe6 fxe6 22.
Ra2 Qf7 23. b5 axb5 24. Qxb5 Kd7 25. Nc4 Qh5 26. Rxd6+ Ke7 27. Bxf4 cxd6 28.
Qxb7+ Kf6 29. Bg5+ Kg6 30. Qxc6 Raf8 31. Qxd6 Kh7 32. Nxe5 Rxf2 33. Rxf2 Qe2 34.
Nd3 1-0

[Event "Online Olym Div3 A 2020"]
[Site "chess.com INT"]
[Date "2020.07.08"]
[Round "6.3"]
[Board "2"]
[White "Pasko, Llambi"]
[Black "Tin, Jingyao"]
[Result "0-1"]
[WhiteTitle "IM"]
[BlackTitle "IM"]
[WhiteElo "2410"]
[BlackElo "2464"]
[WhiteTeam "Albania"]
[BlackTeam "Singapore"]
[WhiteFideId "4701178"]
[BlackFideId "5804418"]
[EventDate "2020.07.07"]
[EventType "team"]

1. d4 Nf6 2. c4 e6 3. Nf3 Bb4+ 4. Nbd2 d5 5. e3 O-O 6. a3 Be7 7. Bd3 a5 8. b3 b6
9. Bb2 Bb7 10. O-O Nbd7 11. Rc1 c5 12. Qe2 a4 13. bxa4 Rxa4 14. cxd5 exd5 15.
Bb5 Ra8 16. dxc5 bxc5 17. Rfd1 Qb6 18. Rb1 Ba6 19. a4 Bxb5 20. axb5 Rfb8 21. Be5
Rb7 22. e4 Qe6 23. exd5 Nxd5 24. Qc4 Nxe5 25. Nxe5 Qxe5 26. Nf3 Qe6 27. Re1 Nb6
28. Qf4 Qd6 29. Qe4 Qd5 30. Qe3 h6 31. Rbd1 Qf5 32. Ne5 Bf8 33. g4 Qe6 34. Qf3
Qc8 35. Nc6 Rd7 36. Rc1 Ra4 37. h3 Nd5 38. Qf5 Rf4 39. Qd3 Rf6 40. Rcd1 Nb6 41.
Qc3 Rxd1 42. Rxd1 Rxc6 43. bxc6 Qxc6 44. Rd8 Qc7 45. Re8 Nd5 46. Qa3 Nf6 47. Ra8
g6 48. Qf3 Qe7 49. Qc6 Kg7 50. Kf1 Qd7 51. Qb6 Qd1+ 52. Kg2 Qd5+ 53. Kg1 Qxa8 0-1

[Event "Online Olym Div3 A 2020"]
[Site "chess.com INT"]
[Date "2020.07.08"]
[Round "6.3"]
[Board "3"]
[White "Gong, Qianyun"]
[Black "Gjergji, Rozana"]
[Result "1-0"]
[WhiteTitle "WGM"]
[BlackTitle "WCM"]
[WhiteElo "2333"]
[BlackElo "1942"]
[WhiteTeam "Singapore"]
[BlackTeam "Albania"]
[WhiteFideId "8602425"]
[BlackFideId "4700147"]
[EventDate "2020.07.07"]
[EventType "team"]

1. e4 e5 2. Nf3 Nc6 3. d4 exd4 4. Nxd4 Bc5 5. Nb3 Bb6 6. Nc3 a5 7. a4 d6 8. Qe2
Nf6 9. Be3 Bxe3 10. Qxe3 Be6 11. O-O-O Ne5 12. f4 Nc4 13. Qd4 Nb6 14. e5 dxe5
15. Bb5+ c6 16. Qxe5 Qe7 17. Bd3 Bxb3 18. cxb3 Qxe5 19. fxe5 Ng4 20. Ne4 O-O 21.
e6 fxe6 22. Rde1 Nd5 23. Ng5 h6 24. Nxe6 Nf2 25. Bc4 Nxh1 26. Nxf8 Rxf8 27. Rxh1
Rf2 28. Rd1 Rxg2 29. Rxd5 1-0